| 000 | 00000cas 2200000za 4500 |
| 001 | 9.857979 |
| 003 | CaOODSP |
| 005 | 20260319092035 |
| 007 | cr ||||||||||| |
| 008 | 180620c20079999oncmr p o f0 a0eng|d |
| 040 | |aCaOODSP|beng |
| 043 | |an-cn--- |
| 086 | 1 |aA27-39E-PDF |
| 245 | 00|aCanadian drought monitor |h[electronic resource]. |
| 260 | |a[Ottawa] : |aAgriculture and Agri-Food Canada, |b2007- |
| 310 | |aMonthly |
| 362 | 1 |aBegan with : conditions as of January 31, 2007. |
| 500 | |aAlso issued in French under title: Outil de surveillance des sécheresses au Canada. |
| 692 | 07|2gccst|aAgri-food industry |
| 692 | 07|2gccst|aDrought |
| 710 | 1 |aCanada. |bAgriculture and Agri-Food Canada. |
| 775 | 08|tOutil de surveillance des sécheresses au Canada |w(CaOODSP)9.857980 |